000 00485nam a2200181Ia 4500
008 240925s9999 xx 000 0 und d
020 _a333261399
082 _a620.8297 HUS
100 _aHusaini, S Waqar Ahmed
245 0 _aIslamic Environmental Systems Engineering
250 _aNA
260 _aLondon:
_bThe Macmillan Press
_c,1980.
300 _axi,239p.
_bNA
_fOriginal
500 _aIncludes Index
600 _aElectronic Engineering
650 _aTechnology
942 _cBK
999 _c3215
_d3215